000 00743nam a2200253Ia 4500
003 OSt
005 20220928105119.0
006 a|||||r|||| 00| 0
007 ta
008 220927b |||||||| |||| 00| 0 eng d
024 _a66563
037 _cTextual
040 _aSDCL
_cSDCL
_beng
041 _2eng
_aeng
082 _aV252:71'P, P5
100 _aDallaporta Annamaria
_9413876
245 0 _aArchaeological sites of South Pancala
260 _aNew Delhi
_bManohar Publishers & Distributors
_c2005
300 _a333p
_ccm.
650 _aArchitecture Uttar Pradesh
_9413877
700 _a Marcato Lucio
_9413878
942 _hV252:71'P, P5
_cTEXL
_2CC
999 _c729688
_d729688